|
|
|
|
| LEADER |
02093nam a2200289 a 4500 |
| 001 |
GR-Patra34081 |
| 008 |
130322s2013 nyu g b 001 b eng d |
| 020 |
|
|
|a 9781624177
|q hardcover
|
| 082 |
|
0 |
|a 621.042
|2 23
|
| 245 |
0 |
0 |
|a Renewable energy systems :
|b theory, innovations, and intelligent applications /
|c editors, Socrates Kaplanis and Eleni Kaplani (Technological Educational Institute of Patras, Greece).
|
| 260 |
|
|
|a New York :
|b Nova Publishers,
|c c2013
|
| 300 |
|
|
|a xi, 591 pages :
|b illustrations ;
|c 26 cm
|
| 490 |
0 |
|
|a Renewable energy
|e Research, development and policies
|
| 504 |
|
|
|a Περιλαμβάνει βιβλιογραφίες και ευρετήριο.
|
| 650 |
|
0 |
|a Renewable energy sources
|
| 700 |
1 |
|
|a Kaplani, Eleni
|
| 700 |
1 |
|
|a Kaplanis, Socrates
|
| 710 |
0 |
|
|a Nova Science Publishers
|
| 942 |
|
|
|2 ddc
|
| 952 |
|
|
|0 0
|1 0
|2 ddc
|4 0
|6 621_042000000000000_REN
|7 0
|9 316408
|a LISK
|b LISK
|c BSC
|d 2021-01-17
|e 24
|f 2
|g 0.00
|l 0
|o 621.042 REN
|p 92410057877
|r 2021-01-17 00:00:00
|t 1
|w 2021-01-17
|y BK15
|x 20130930 0 1
|x GrPaTEI
|
| 952 |
|
|
|0 0
|1 0
|2 ddc
|4 0
|6 621_042000000000000_REN
|7 0
|9 316410
|a LISK
|b LISK
|c BSC
|d 2021-01-17
|e 24
|f 0
|g 0.00
|l 0
|o 621.042 REN
|p 92410057879
|r 2021-01-17 00:00:00
|t 1
|w 2021-01-17
|y BK15
|x 20130930 0 1
|x GrPaTEI
|
| 952 |
|
|
|0 0
|1 0
|2 ddc
|4 0
|6 621_042000000000000_REN
|7 0
|9 316413
|a LISK
|b LISK
|c BSC
|d 2021-01-17
|e 24
|f 0
|g 0.00
|l 0
|o 621.042 REN
|p 92410057882
|r 2021-01-17 00:00:00
|t 1
|w 2021-01-17
|y BK15
|x 20130930 0 1
|x GrPaTEI
|
| 952 |
|
|
|0 0
|1 0
|2 ddc
|4 0
|6 621_042000000000000_REN
|7 0
|9 316416
|a LISK
|b LISK
|c BSC
|d 2021-01-17
|e 24
|f 2
|g 0.00
|l 0
|o 621.042 REN
|p 92410057885
|r 2021-01-17 00:00:00
|t 1
|w 2021-01-17
|y BK15
|x 20130930 0 1
|x GrPaTEI
|
| 952 |
|
|
|0 0
|1 0
|2 ddc
|4 0
|6 621_042000000000000_REN
|7 0
|9 316418
|a LISK
|b LISK
|c BSC
|d 2021-01-17
|e 24
|f 0
|g 0.00
|l 0
|o 621.042 REN
|p 92410057887
|r 2021-01-17 00:00:00
|t 1
|w 2021-01-17
|y BK15
|x 20130930 0 1
|x GrPaTEI
|
| 952 |
|
|
|0 0
|1 0
|2 ddc
|4 0
|6 621_042000000000000_REN
|7 0
|9 316424
|a LISK
|b LISK
|c BSC
|d 2021-01-17
|e 24
|f 0
|g 0.00
|l 0
|o 621.042 REN
|p 92410057893
|r 2021-01-17 00:00:00
|t 1
|w 2021-01-17
|y BK15
|x 20130930 0 1
|x GrPaTEI
|
| 971 |
|
|
|a .b26816532
|b 15-04-20
|c 27-09-16
|
| 999 |
|
|
|c 180180
|d 180180
|